Las uvas de la ira / (Registro nro. 30020)

Detalles MARC
000 -LEADER
fixed length control field 01899nam a22001937a 4500
003 - CONTROL NUMBER IDENTIFIER
control field OSt
005 - DATE AND TIME OF LATEST TRANSACTION
control field 20250521151424.0
008 - FIXED-LENGTH DATA ELEMENTS--GENERAL INFORMATION
fixed length control field 230516b |||||||| |||| 00| 0 eng d
040 ## - CATALOGING SOURCE
Original cataloging agency CO-JMCR
Language of cataloging spa
Transcribing agency CO-JMCR
082 04 - DEWEY DECIMAL CLASSIFICATION NUMBER
Item number A-N
Edition number STEu
245 14 - TITLE STATEMENT
Title Las uvas de la ira /
Statement of responsibility, etc. John Steinbeck
250 ## - EDITION STATEMENT
Edition statement Edición Centenario Steinbeck
260 ## - PUBLICATION, DISTRIBUTION, ETC.
Place of publication, distribution, etc. [New York] :
Name of publisher, distributor, etc. Penguin Books,
Date of publication, distribution, etc. 1939
300 ## - PHYSICAL DESCRIPTION
Extent 520 páginas ;
Dimensions 22 cm.
520 ## - SUMMARY, ETC.
Summary, etc. Las uvas de la ira es un hito en la literatura norteamericana que explora el conflicto entre ricos y pobres, analiza la reacción feroz de un hombre contra la injusticia y el estoicismo de una mujer igualmente heróica, y refleja los horrores de la Gran Depresión. Aunque sigue la migración de miles de personas del Dust Bowl, Las uvas de la ira se enfoca en la historia de una familia de Oklahoma, los Joads, echados de su hogar y forzados a viajar rumbo a esa Tierra Prometida que era por ese entonces - y que de algún modo sigue siendo - California. De sus desventuras en un país dividido surge un drama sobre la dignidad humana, a un tiempo trágico y majestuoso en su grandeza y su valentía moral.<br/><br/>Publicada por primera vez en 1939, la novela reflejó su época como Uncle's Tom's Cabin reflejó los años antes de la Guerra Civil norteamericana. John Steinbeck, un escritor que simpatizaba con la crítica fascista y comunista, insistió en que la versión integral del "Himno de batalla de la República" fuese impresa en la primera edición del libro, que adopta en su título unas palabras del primer verso: "Está pisoteando la vendimia donde se conservan las uvas de la ira." La crónica de Steinbeck sobre el avergonzante maltrato de las clases sociales de los años treinta es tal vez el más "americano" de todos los clásicos americanos.
546 ## - LANGUAGE NOTE
Language note Traducido del inglés
600 1# - SUBJECT ADDED ENTRY--PERSONAL NAME
Personal name Steinbeck, John
Dates associated with a name 1902-1968
9 (RLIN) 42735
942 ## - ADDED ENTRY ELEMENTS (KOHA)
Source of classification or shelving scheme Dewey Decimal Classification
Koha item type Books
Existencias
Withdrawn status Lost status Source of classification or shelving scheme Damaged status Not for loan Collection code Home library Current library Shelving location Date acquired Source of acquisition Total Checkouts Total Renewals Full call number Barcode Date last seen Date last checked out Copy number Price effective from Koha item type
    Dewey Decimal Classification     Fiction Biblioteca Pública José María del Castillo y Rada Biblioteca Pública José María del Castillo y Rada Fiction 05/16/2023 Donación 2 3 A-N STEu 201812079 07/17/2023 06/22/2023 Ej.1 05/16/2023 Books